Statistics for Ariana Afghan Airlines-Kabul

Click here to take the quiz!

General Stats

  • This quiz has been taken 10 times
  • The average score is 7 of 8

Answer Stats

Country Airport % Correct
IndiaDelhi
100%
RussiaMoscow ( Sheremtyevo)
100%
TurkeyAnkara
100%
TurkeyIstanbul
100%
AfghanistanKandahar
88%
AfghanistanHerat
63%
AfghanistanMazar-i-sharif
63%
ChinaUrumqi
50%

Score Distribution

Percentile by Number Answered

Percent of People with Each Score

Your Score History

You have not taken this quiz